Statistiques concernant Pays organisateurs de la Coupe du monde de basket-ball

Cliquez ici pour prendre le quiz!

Statistiques générales

  • Ce quiz a été pris 134 fois
  • Le résultat moyen est 13 sur 18

Statistiques - réponses

AnnéePays% Correct
2002Etats-Unis
100%
1974Porto Rico (Etats-Unis)
100%
2019Chine
90%
2014Espagne
89%
1986Espagne
89%
2006Japon
89%
1994Canada
84%
1990Argentine
80%
1950Argentine
80%
1954Brésil
80%
1963Brésil
80%
1970Yougoslavie
68%
2010Turquie
61%
1998Grèce
60%
1982Colombie
41%
1959Chili
40%
1978Philippines
30%
1967Uruguay
29%

Distribution des résultats

Percentile par nombre de réponses

% des personnes avec chaque résultat

Votre développement - résultats

Vous n’avez pas pris ce quiz